00646nam a22001695i 4500001000700000003000900007005001700016008004100033040002000074100001700094245009200111260008300203300002100286650002300307711004700330852009900377151996ES-MaACL20250828004908.0970717s1889 uy |||| | spa d aCAM bspa cCAM1 aBerra, F. A.10aNotice sur les oeuvres pédagogiques de didactiques / cexposées par ... F.A. Berra. aMontevideo : b[s.n.], c1889 (fimprenta Elzeviriana de "La Tribuna Popular") a44 p. ; c22 cm.07aPedagogía2embne2 aExposición Universal (d1889. cParís) aES-MaACLjT-705-F-2 z-- Enc. hol., conservando la enc. original z-- Enc. en un vol. facticio